000 00813nam a2200277Ia 4500
005 20260324112642.0
008 008 260324s9999 xx 000 0 eng d
020 _a9781003460305
037 _aEBOOK
040 _aCRL
040 _beng
040 _cCRL
041 _2eng
041 _aeng
084 _qCRL
100 _aYashawi Karnati; Dhruv Mahajan; Tania Banerjee; Rahul Sengupta; Packard Clay; Ryan Casburn; Nithin Agarwal; Jeremy Dilmore; Anand Rangarajan; Sanjay Ranka
_91143589
245 0 _aData Analytics and Machine Learning for Integrated Corridor Management
260 _bTaylor and Francis
260 _c2024
365 _a
365 _b210
856 _uhttp://www.taylorfrancis.com/books/9781003460305
942 _cEBOOK
999 _c1732877
_d1732877